000 00535nam a22001937a 4500
005 20251108171846.0
008 250721s1982 xx 000 0 ara d
082 1 4 _aم/189.09/حنا
100 1 _aالفاخوري، حنا
245 1 0 _aتاريخ الفلسفة العربية /
250 _aط2
264 1 _aبيروت :
_bدار الجليل،
_c1982.
300 _aج
650 1 7 _aالفلسفة الإسلامية
650 1 7 _aالتاريخ
700 1 _aالجر، خليل
942 _2ddc
_cREF
999 _c64420
_d64420